header

Ecological approaches to health (Record no. 62363)

MARC details
000 -LEADER
fixed length control field 01761nam a2200373 a 4500
082 04 - DEWEY DECIMAL CLASSIFICATION NUMBER
Classification number 362.196/98
100 1# - MAIN ENTRY--AUTHOR NAME
Personal name Dumont, Claire,
245 10 - TITLE STATEMENT
Title Ecological approaches to health
260 ## - PUBLICATION, DISTRIBUTION, ETC. (IMPRINT)
Place of publication New York :
Name of publisher Nova Science Publishers,
Year of publication c2009.
300 ## - PHYSICAL DESCRIPTION
Number of Pages x, 122 p. :
Other physical details ill.
505 0# - FORMATTED CONTENTS NOTE
Formatted contents note The ecological thought: historical perspective -- Ecological frames of reference in the health and social fields -- Synthesis of the general characteristics of ecological theories, models and approaches -- Environment and interactions -- Scientific evidence supporting ecological models and approaches -- From human ecology toward human health.
650 #0 - SUBJECT ADDED ENTRY--TOPICAL TERM
Topical Term Environmental health.
Topical Term Ecology.
Topical Term Human ecology
856 40 - ELECTRONIC LOCATION AND ACCESS
Uniform Resource Identifier http://site.ebrary.com/lib/rucke/Doc?id=10671218

No items available.

© 2026 Rongo University
Contact us: librarian | system librarian | Rongo university